| 000 | 00362nam a2200145Ia 4500 | ||
|---|---|---|---|
| 008 | 100415s9999 xx 000 0 und d | ||
| 082 |
_b19483 _a333.707 |
||
| 100 | _aSYKES MARJORIE | ||
| 245 | _aFoundations of Living | ||
| 260 |
_aPUNE _c1988 _bPARISAR |
||
| 365 | _b15 | ||
| 630 | _aFoundations of Living | ||
| 730 | _aFoundations of Living | ||
| 942 | _cBOOK | ||
| 999 |
_c602380 _d602377 |
||